FC Augsburg Squad 2016-2017 - Statistics

General Stats
  • This quiz has been taken 4 times
  • The average score is 9 of 33
Answer Stats
# Position Nation Player % Correct
35 GK Switzerland Marwin Hitz
100%
27 FW Iceland Alfreð Finnbogason
75%
18 DF Germany Jan-Ingwer Callsen-Bracker
75%
30 FW Brazil Caiuby
50%
7 MF Turkey Halil Altıntop
50%
19 MF South Korea Ja-cheol Koo
50%
14 MF Czech Republic Jan Morávek
50%
11 FW France Jonathan Schmid
50%
38 DF Austria Kevin Danso
50%
25 FW Paraguay Raúl Bobadilla
50%
10 MF Germany Daniel Baier
25%
4 DF Ghana Daniel Opare
25%
22 FW South Korea Dong-won Ji
25%
24 GK Greece Ioannis Gelios
25%
6 DF Netherlands Jeffrey Gouweleeuw
25%
3 DF Greece Konstantinos Stafylidis
25%
- Coach Germany Manuel Baum
25%
36 DF Austria Martin Hinteregger
25%
2 DF Netherlands Paul Verhaegh
25%
31 DF Germany Philipp Max
25%
32 DF Germany Raphael Framberger
25%
1 GK Germany Andreas Luthe
0%
16 DF Germany Christoph Janker
0%
- Coach Germany Dirk Schuster
0%
21 MF Germany Dominik Kohr
0%
28 DF Austria Georg Teigl
0%
20 MF Serbia Gojko Kačar
0%
29 MF Germany Marco Schuster
0%
8 MF Germany Markus Feulner
0%
15 DF Germany Marvin Friedrich
0%
5 MF Germany Moritz Leitner
0%
39 FW Japan Takashi Usami
0%
40 DF Germany Tim Rieder
0%
No matching quizzes found
Score Distribution
Percent of People with Each Score
Percentile by Number Answered
Your Score History
You have not taken this quiz